| 000 | 01137nam1a2200325 i 4500 | ||
|---|---|---|---|
| 001 | RU\NLR\bibl\180721 | ||
| 005 | 20240920105040.0 | ||
| 035 | _a(NLR Aleph) 000177393 | ||
| 090 |
_a1023515 _c1023515 |
||
| 100 | _a20010904g20019999u y0rusy50 ca | ||
| 101 | 0 | _arus | |
| 102 | _aRU | ||
| 105 | _a||||z ||||| | ||
| 200 | 1 |
_aЦикл политэкономических очерков _eЭконом., соц., полит. и обществ. процессы _fК. Молчанов |
|
| 210 |
_aМ. _cГрааль _d2001 |
||
| 215 | _d20 | ||
| 463 | 0 | _1001172924 | |
| 463 | 0 | _1001182085 | |
| 463 | 0 | _1001249747 | |
| 463 | 0 | _1001251013 | |
| 606 | 0 |
_aЭкономические системы _xТеория _92093998 _3RU\NLR\auth\661267154 |
|
| 606 | 0 |
_aЭкономика _xТеория _91565397 _3RU\NLR\auth\66985247 |
|
| 686 | _aУ010.5 | ||
| 686 | _aУ010 | ||
| 700 | 1 |
_aМолчанов _bК. В. _gКонстантин Владимирович _4070 |
|
| 801 | 0 |
_aRU _bNLR _c20010904 _gPSBO |
|
| 801 | 1 |
_aRU _bNLR _c20010904 |
|
| 852 |
_aNLR _j2001-4/5755 |
||
| 942 | _cBOOK | ||